Online
Catalog

El tema de nuestro tiempo : (Record no. 34850)

MARC details
000 -CABECERA
campo de control de longitud fija 00730nam a2200181 a 4500
001 - NÚMERO DE CONTROL
campo de control 000035359
005 - FECHA Y HORA DE LA ÚLTIMA TRANSACCIÓN
campo de control 20200930074302.0
008 - DATOS DE LONGITUD FIJA--INFORMACIÓN GENERAL
campo de control de longitud fija 111027s1966 sp 000 0 spa d
040 ## - FUENTE DE LA CATALOGACIÓN
Centro catalogador/agencia de origen DO-SdBNP
Lengua de catalogación spa
Centro/agencia transcriptor BNPHU
082 ## - NÚMERO DE LA CLASIFICACIÓN DECIMAL DEWEY
Número de clasificación xxxx
Número de documento/Ítem xxxx
100 1# - ENTRADA PRINCIPAL--NOMBRE DE PERSONA
Nombre de persona Ortega y Gasset, José
9 (RLIN) 61150
245 13 - MENCIÓN DE TÍTULO
Título El tema de nuestro tiempo :
Resto del título el ocaso de las revoluciones. El sentido histórico de la teoría de Einstein. Ni vitalismo ni racionalismo /
Mención de responsabilidad, etc. José Ortega y Gasset.
250 ## - MENCIÓN DE EDICIÓN
Mención de edición 16a ed.
260 ## - PUBLICACIÓN, DISTRIBUCIÓN, ETC.
Lugar de publicación, distribución, etc. Madrid, :
Nombre del editor, distribuidor, etc. Revista de occidente,
Fecha de publicación, distribución, etc. 1966.
300 ## - DESCRIPCIÓN FÍSICA
Extensión 187 p. :
Otras características físicas 18 cm.
504 ## - NOTA DE BIBLIOGRAFÍA, ETC.
Nota de bibliografía, etc. Incluye referencias bibliográficas y notas al pie de las páginas
590 ## - NOTA LOCAL (RLIN)
Nota local Perteneció a la biblioteca personal de Juan Isidro Jimenes Grullón.
Holdings
Estado de retiro Estado de pérdida Restricciones de uso No para préstamo Código de colección Localización permanente Ubicación/localización actual Ubicación en estantería Fecha de adquisición Número de inventario Total de préstamos Signatura topográfica completa Código de barras Fecha visto por última vez Precio válido a partir de Tipo de ítem Koha Nota pública
      Excluido de préstamo Raros y valiosos General General Depósito 27.10.2011 LF1   xxxx xxxx 35359-10 25.06.2020 25.06.2020 No se presta Perteenció a la biblioteca personal de Juan Isidro Jimenes Grullón

Powered by Koha